000 00392pab a2200133 454500
008 180718b xxu||||| |||| 00| 0 eng d
100 _aScheudel Willem Van
245 _aEasy come, easy go: smugglers on the Ganges
362 _a23(2) 93, p.189-213
650 _a Smuggling -- Bangladesh
650 _aIndia -- Smuggling -- Bangladesh
773 _aJournal of Contemporary Asia
909 _a24945
999 _c24945
_d24945